000 00905nam a2200301 a 4500
001 000110366
003 CHAP
005 20220329144129.0
008 140821s2010 mx a |r| |||1|||spa d
010 _a106828
011 _a107800
020 _a9786077854395
040 _cCHAP
082 0 4 _a510.212
_bG88
100 1 _aGärtner, Harald
_9127850
245 1 0 _aManual de fórmulas :
_bmatemáticas, física y química /
_cpor Harald Gärtner y Heinz Gascha.
260 _aMéxico :
_bAlfaomega,
_c2010.
300 _a384 p. :
_bil.
534 _pTít. original :
_tFormel-Sammlung Mathematik, Physik, anorganische Chemie
590 _aE6096MTM
_b05
_c20140821
_lUCH01
_h1358
650 1 4 _aFísica
_xFórmulas.
_941983
650 1 4 _aMatemáticas
_xFórmulas.
_972906
650 1 4 _aQuímica
_xFórmulas.
_993561
700 1 _aGascha, Heinz
_9127851
901 _aBK
942 _cLIBRO
942 _n0
999 _c106828
_d106828